[Event "DEM U12w 2020"]
[Site "Willingen GER"]
[Date "2020.10.29"]
[Round "4"]
[White "Glotz, Diana"]
[Black "Arnold, Rubina"]
[Result "0-1"]
[Termination "normal"]
[Board "8"]
[WhiteElo "1098"]
[BlackElo "1414"]
[WhiteClock "00:19:54"]
[BlackClock "00:50:31"]
[PlyCount "72"]
[WhiteFideId "16278500"]
[BlackFideId "16276272"]
[EventCountry "GER"]
[EventRounds "7"]
[EventType "swiss"]
[EventDate "2020.10.26"]

1. c4 {[%clk 1:30:58]} f5 {[%clk 1:30:51]} 2. Nc3 {[%clk 1:31:08]} Nf6 {[%clk
1:31:13]} 3. g3 {[%clk 1:31:09]} g6 {[%clk 1:31:34]} 4. Bg2 {[%clk 1:31:24]}
Bg7 {[%clk 1:31:53]} 5. e3 {[%clk 1:30:53]} O-O {[%clk 1:32:15]} 6. Nge2 {[%clk
1:31:03]} d6 {[%clk 1:32:26]} 7. d4 {[%clk 1:29:17]} c6 {[%clk 1:32:48]} 8. b4
{[%clk 1:23:51]} Bd7 {[%clk 1:29:31]} 9. b5 {[%clk 1:20:52]} Qc7 {[%clk
1:25:14]} 10. O-O {[%clk 1:16:46]} Be8 {[%clk 1:19:54]} 11. Bb2 {[%clk
1:13:31]} Bf7 {[%clk 1:17:43]} 12. bxc6 {[%clk 1:01:53]} Nxc6 {[%clk 1:15:25]}
13. d5 {[%clk 1:00:00]} Ne5 {[%clk 1:10:22]} 14. Qc2 {[%clk 0:44:51]} Qxc4
{[%clk 1:08:15]} 15. Rfd1 {[%clk 0:44:04]} b5 {[%clk 1:04:34]} 16. Rd4 {[%clk
0:38:13]} Qc5 {[%clk 1:04:18]} 17. Qb3 {[%clk 0:35:18]} a6 {[%clk 1:01:15]} 18.
Nf4 {[%clk 0:31:48]} Rac8 {[%clk 0:59:25]} 19. Qb4 {[%clk 0:25:49]} Qxb4 {[%clk
0:54:15]} 20. Rxb4 {[%clk 0:26:09]} g5 {[%clk 0:54:14]} 21. Ne6 {[%clk
0:25:32]} Bxe6 {[%clk 0:54:32]} 22. dxe6 {[%clk 0:25:57]} Nd3 {[%clk 0:54:41]}
23. Rb3 {[%clk 0:25:13]} Nxb2 {[%clk 0:54:48]} 24. Rxb2 {[%clk 0:25:37]} Rxc3
{[%clk 0:55:10]} 25. Re2 {[%clk 0:25:23]} Rfc8 {[%clk 0:54:41]} 26. Bb7 {[%clk
0:24:44]} Rc1+ {[%clk 0:54:56]} 27. Rxc1 {[%clk 0:25:10]} Rxc1+ {[%clk
0:55:16]} 28. Kg2 {[%clk 0:25:35]} a5 {[%clk 0:55:20]} 29. Rd2 {[%clk 0:24:17]}
Rc7 {[%clk 0:53:57]} 30. Ba6 {[%clk 0:23:51]} b4 {[%clk 0:54:02]} 31. Be2
{[%clk 0:23:16]} Ne4 {[%clk 0:52:22]} 32. Rd3 {[%clk 0:21:30]} Rc2 {[%clk
0:52:30]} 33. Kf1 {[%clk 0:20:02]} Nc3 {[%clk 0:50:13]} 34. Bd1 {[%clk
0:19:45]} Nxd1 {[%clk 0:50:32]} 35. Rxd1 {[%clk 0:20:05]} Rxa2 {[%clk 0:50:55]}
36. Rd5 {[%clk 0:19:54]} b3 {[%clk 0:50:31]} 0-1